Complete Casting Handbook : Metal Casting Processes, Metallurgy, Techniques and Design /

Na minha lista:
Detalhes bibliográficos
Autor principal: Campbell, John (Author)
Formato: Livro
Idioma:inglês
Publicado em: Elsevier 2015
Edição:2. vyd.
Assuntos:
Tags: Adicionar Tag
Sem tags, seja o primeiro a adicionar uma tag!

MARC

LEADER 00000nam a22000003a 4500
001 0090457
003 SK-STU
005 20210923095305.5
007 ta
008 210923s ----xo-----e------000-0-----d
020 |a 978-0-444-63509-9 
040 |a STU  |b slo 
041 0 |a eng 
100 1 |a Campbell, John  |4 aut 
245 1 0 |a Complete Casting Handbook :  |b Metal Casting Processes, Metallurgy, Techniques and Design /  |c aut. John Campbell 
250 |a 2. vyd. 
260 |b Elsevier  |c 2015 
300 |a 1028 s. 
650 0 7 |a zlievarenstvo 
650 0 7 |a zlievanie 
996 |b 284M088807  |c M* 14494-1  |l MMST  |s A  |a 24  |w 0090457_0001